00356 2200145 4500001002100000005001500021035002000036245006700056100001800123300001200141260002300153082000800176084001400184990001200198INLIS00000000000228220250527031224 a0010-05250005741 aPanduan Jitu Meraih Juara Olimpiade Kimia SMA /cBudiman Anwar0 aBudiman Anwar a574 hlm bTrama Widya,c2008 a540 a540 BUD p a0713195